| 000 | 00892aam a2200253 a 4500 | ||
|---|---|---|---|
| 001 | 016689279 | ||
| 003 | UkOxU | ||
| 005 | 20230110160726.0 | ||
| 008 | 230110s2007 flua b 001 0 eng | ||
| 020 | _a9780849375743 (hbk.) | ||
| 020 | _a0849375746 (hbk.) | ||
| 082 | 0 | 0 |
_a628.42 _222 |
| 245 | 0 | 0 |
_aHazardous industrial waste treatment / _cedited by Lawrence K. Wang ... [et al.]. |
| 260 |
_aBoca Raton, Fla. ; _aLondon : _bCRC, _cc2007. |
||
| 300 |
_aix, 516 p. : _bill. ; _c26 cm. |
||
| 500 | _aThis material was previously published in Handbook of industrial and hazardous wastes treatment, 2nd ed.: Boca Raton : CRC, 2004. | ||
| 504 | _aIncludes bibliographical references and index. | ||
| 650 | 0 |
_aHazardous wastes _xManagement. |
|
| 690 |
_96238 _aEnvironment |
||
| 690 |
_96257 _aMinerals and waste |
||
| 700 | 1 | _aWang, Lawrence K. | |
| 942 | _2ddc | ||
| 999 |
_c121307 _d121307 |
||